Probability, random variables and stochastic processes / (Record no. 64019)
[ view plain ]
| 000 -LEADER | |
|---|---|
| fixed length control field | 00732 a2200205 4500 |
| 020 ## - INTERNATIONAL STANDARD BOOK NUMBER | |
| International Standard Book Number | 0070486581 |
| 020 ## - INTERNATIONAL STANDARD BOOK NUMBER | |
| International Standard Book Number | 9780070486584 |
| 082 ## - DEWEY DECIMAL CLASSIFICATION NUMBER | |
| Classification number | 519.2 |
| 090 ## - LOCALLY ASSIGNED LC-TYPE CALL NUMBER (OCLC); LOCAL CALL NUMBER (RLIN) | |
| -- | 1581 |
| -- | 1581 |
| 100 1# - MAIN ENTRY--PERSONAL NAME | |
| Personal name | Papoulis, S Pillai Athanasios. |
| 245 10 - TITLE STATEMENT | |
| Title | Probability, random variables and stochastic processes / |
| Statement of responsibility, etc. | S Pillai Athanasios Papoulis. |
| 250 ## - EDITION STATEMENT | |
| Edition statement | 4th ed. |
| 260 ## - PUBLICATION, DISTRIBUTION, ETC. | |
| Place of publication, distribution, etc. | New Delhi |
| Name of publisher, distributor, etc. | Tata Mcgraw Hill, |
| Date of publication, distribution, etc. | 2002. |
| 300 ## - PHYSICAL DESCRIPTION | |
| Extent | 852 p. ; |
| Dimensions | 24 cm. |
| 490 1# - SERIES STATEMENT | |
| Series statement | Tata McGraw-Hill Edition |
| 520 ## - SUMMARY, ETC. | |
| Summary, etc. | Probability, Random Variables and Stochastic. |
| 830 #0 - SERIES ADDED ENTRY--UNIFORM TITLE | |
| Uniform title | Tata McGraw-Hill Edition |
| 942 ## - ADDED ENTRY ELEMENTS (KOHA) | |
| Institution code [OBSOLETE] | SNS |
| Koha item type | Book |
| Call number prefix | 519.2 PAP |
| Withdrawn status | Lost status | Source of classification or shelving scheme | Damaged status | Not for loan | Permanent Location | Current Location | Shelving location | Date acquired | Total Checkouts | Full call number | Barcode | Date last seen | Date last checked out | Price effective from | Koha item type |
|---|---|---|---|---|---|---|---|---|---|---|---|---|---|---|---|
| Pakistan Navy Engineering College (PNEC) | Pakistan Navy Engineering College (PNEC) | 2 | 519.2 PAP | PNECLIB-030987 | 11/25/2016 | 11/25/2016 | Book | ||||||||
| Pakistan Navy Engineering College (PNEC) | Pakistan Navy Engineering College (PNEC) | 1 | 519.2 PAP | PNECLIB-030990 | 10/06/2016 | 10/06/2016 | Book | ||||||||
| Pakistan Navy Engineering College (PNEC) | Pakistan Navy Engineering College (PNEC) | 3 | 519.2 PAP | PNECLIB-030992 | 11/21/2016 | 11/21/2016 | Book | ||||||||
| Pakistan Navy Engineering College (PNEC) | Pakistan Navy Engineering College (PNEC) | 4 | 519.2 PAP | PNECLIB-030993 | 12/01/2016 | 12/01/2016 | Book | ||||||||
| Pakistan Navy Engineering College (PNEC) | Pakistan Navy Engineering College (PNEC) | 2 | 519.2 PAP | PNECLIB-030994 | 11/03/2016 | 11/03/2016 | Book | ||||||||
| Pakistan Navy Engineering College (PNEC) | Pakistan Navy Engineering College (PNEC) | 1 | 519.2 PAP | PNECLIB-030995 | 09/22/2016 | 09/22/2016 | Book | ||||||||
| Pakistan Navy Engineering College (PNEC) | Pakistan Navy Engineering College (PNEC) | 4 | 519.2 PAP | PNECLIB-030996 | 11/21/2016 | 11/21/2016 | Book | ||||||||
| Pakistan Navy Engineering College (PNEC) | Pakistan Navy Engineering College (PNEC) | 4 | 519.2 PAP | PNECLIB-030997 | 11/21/2016 | 11/21/2016 | Book | ||||||||
| Pakistan Navy Engineering College (PNEC) | Pakistan Navy Engineering College (PNEC) | 07/31/2015 | 3 | 519.2 PAP | PNECLIB-030991 | 11/30/2016 | 11/30/2016 | 07/31/2015 | Book | ||||||
| Pakistan Navy Engineering College (PNEC) | Pakistan Navy Engineering College (PNEC) | 1 | 519.2 PAP | PNECLIB-030998 | 01/22/2016 | 01/22/2016 | Book |
